[Event "SK Bebenhausen 1 - TG Biberach 1"]
[Site "Oberliga Württemberg 2017/2018"]
[Date "2017.09.17"]
[Round "1.1"]
[White "Sinz, Bernhard"]
[Black "Braun, Georg"]
[Result "1-0"]
[WhiteElo "2364"]
[BlackElo "2297"]
[Annotator ""]
[Source ""]
[Remark ""]

1.e4 c5 2.Ne2 Nc6 3.Nbc3 g6 4.g3 Bg7 5.Bg2 d6 6.d3 e6 7.O-O Nge7
8.Bd2 O-O 9.Qc1 e5 10.Bh6 Be6 11.Bxg7 Kxg7 12.f4 exf4 13.Nxf4
Qd7 14.Qd2 Rae8 15.Rae1 a6 16.Nd1 b5 17.Ne3 b4 18.c3 bxc3 19.bxc3
Ne5 20.d4 Nc4 21.Nxc4 Bxc4 22.Rf2 Qc7 23.h4 h6 24.Kh2 Ng8 25.Nh3
Nf6 26.Rxf6 Kxf6 27.Qxh6 Rh8 28.e5+ dxe5 29.dxe5+ Ke7 30.Qf4
Bb5 31.a4 Bd3 32.Qf6+ Kd7 33.Nf4 c4 34.Nxd3 cxd3 35.Bh3+ 1-0

[Event "SK Bebenhausen 1 - TG Biberach 1"]
[Site "Oberliga Württemberg 2017/2018"]
[Date "2017.09.17"]
[Round "1.2"]
[White "Bräuning, Rudolf Wilhelm"]
[Black "Oberst, Thomas"]
[Result "1-0"]
[WhiteElo "2290"]
[BlackElo "2270"]
[Annotator ""]
[Source ""]
[Remark ""]

1.e4 c5 2.Nf3 Nc6 3.c3 Nf6 4.e5 Nd5 5.d4 cxd4 6.Bc4 e6 7.cxd4
d6 8.O-O Be7 9.Qe2 O-O 10.Qe4 Bd7 11.a3 Qb6 12.b4 Rfc8 13.Bd3
g6 14.Bb2 Nd8 15.Nbd2 Bb5 16.exd6 Bxd6 17.Ne5 Qa6 18.Bxb5 Qxb5
19.Rfe1 Bf8 20.Ndf3 f6 21.a4 Qe8 22.Nd3 Nxb4 23.Nxb4 Bxb4 24.Re2
Qe7 25.d5 e5 26.h4 Nf7 27.h5 gxh5 28.Nh4 Ng5 29.Qf5 Bc3 30.Rc1
Qb4 31.g3 Kg7 32.Rec2 Ne4 33.Qxh5 Nxg3 34.fxg3 Bd4+ 35.Bxd4 Qxd4+
36.Kh2 Rxc2+ 37.Rxc2 Qd3 38.Rc7+ Kh8 39.Qf7 Qd2+ 40.Kh3 Qh6 41.d6
Rg8 42.Qxg8+ Kxg8 43.d7 1-0

[Event "SK Bebenhausen 1 - TG Biberach 1"]
[Site "Oberliga Württemberg 2017/2018"]
[Date "2017.09.17"]
[Round "1.3"]
[White "Fischer, André"]
[Black "Carstens, Andreas"]
[Result "1/2-1/2"]
[WhiteElo "2226"]
[BlackElo "2231"]
[Annotator ""]
[Source ""]
[Remark ""]

1.e4 e6 2.d4 d5 3.Nc3 Bb4 4.e5 c5 5.a3 Bxc3+ 6.bxc3 Qa5 7.Bd2
Qa4 8.Qb1 c4 9.h4 Nc6 10.h5 h6 11.Nf3 Bd7 12.Be2 O-O-O 13.O-O
f6 14.Re1 Be8 15.Nh4 fxe5 16.dxe5 Nge7 17.Bg4 Bd7 18.Nf3 Qa5
19.Qc1 Rhf8 20.Nd4 Nxd4 21.cxd4 c3 22.Be3 Nf5 23.f3 Kb8 24.Bf2
Rc8 25.Qd1 Rc4 26.Bxf5 1/2-1/2

[Event "SK Bebenhausen 1 - TG Biberach 1"]
[Site "Oberliga Württemberg 2017/2018"]
[Date "2017.09.17"]
[Round "1.4"]
[White "Frick, Christoph"]
[Black "Weiß, Oliver"]
[Result "1/2-1/2"]
[WhiteElo "2200"]
[BlackElo "2236"]
[Annotator ""]
[Source ""]
[Remark ""]

1.d4 e6 2.Nf3 Nf6 3.e3 b6 4.Bd3 Bb7 5.O-O d5 6.Nbd2 Nbd7 7.Ne5
Nxe5 8.dxe5 Nd7 9.f4 c5 10.Qf3 Qc7 11.c4 dxc4 12.Be4 Bxe4 13.Qxe4
Rb8 14.Nf3 Be7 15.a4 a6 16.Qxc4 b5 17.axb5 axb5 18.Qc2 O-O 19.b3
Rfc8 20.Bb2 c4 21.Bd4 c3 22.f5 exf5 23.Qxf5 g6 24.Qe4 Nc5 25.Bxc5
Qxc5 26.Nd4 b4 27.Ra2 Rc7 {(=)} 28.Raf2 Rf8 29.h4 Qb6 30.h5 Qb7
31.Qg4 Qd5 32.hxg6 fxg6 33.Rxf8+ Bxf8 34.Rxf8+ Kxf8 35.Ne6+ Ke7
36.Nxc7 Qd2 37.Qe6+ Kd8 1/2-1/2

[Event "SK Bebenhausen 1 - TG Biberach 1"]
[Site "Oberliga Württemberg 2017/2018"]
[Date "2017.09.17"]
[Round "1.5"]
[White "Mack, Wolfgang"]
[Black "Latzke, Boris"]
[Result "1-0"]
[WhiteElo "2140"]
[BlackElo "2193"]
[Annotator ""]
[Source ""]
[Remark ""]

1.g3 d5 2.c4 c6 3.Nf3 Nf6 4.Bg2 Bg4 5.Ne5 Be6 6.cxd5 Bxd5 7.Nf3
c5 8.Nc3 Bc6 9.O-O e6 10.d3 Be7 11.e4 O-O 12.Qe2 Nbd7 13.Bf4
b5 14.Rfc1 Qb6 15.b3 a6 16.Bg5 Rfe8 17.e5 Nd5 18.Bxe7 Nxe7 19.Ne4
Bxe4 20.Qxe4 Nd5 21.Ng5 Nf8 22.Qg4 h6 23.Ne4 Nd7 24.Qh5 Red8
25.Kh1 Ra7 26.f4 Ne3 27.Bh3 Rc7 28.Qe2 Nd5 29.Nd6 Nf8 30.Bg2
Ne7 31.a4 Nf5 32.Ne4 Nd4 33.Qb2 bxa4 34.Rxa4 Qxb3 35.Qxb3 Nxb3
36.Rc3 c4 37.Nd6 cxd3 38.Rxc7 d2 39.Bf3 Nd7 40.Bd1 Ndc5 41.Rb4
g5 42.Rxb3 Nxb3 43.Bxb3 Rb8 44.Rc8+ 1-0

[Event "SK Bebenhausen 1 - TG Biberach 1"]
[Site "Oberliga Württemberg 2017/2018"]
[Date "2017.09.17"]
[Round "1.6"]
[White "Khadempour, Farhad"]
[Black "Schulze, Andreas"]
[Result "1-0"]
[WhiteElo "2141"]
[BlackElo "2195"]
[Annotator ""]
[Source ""]
[Remark ""]

1.e4 Nf6 2.e5 Nd5 3.d4 d6 4.Nf3 dxe5 5.Nxe5 c6 6.Qf3 Be6 7.Bc4
Nd7 8.Nd3 g6 9.O-O Bg7 10.c3 O-O 11.Nd2 Nc7 12.Re1 Nb6 13.Bb3
Ncd5 14.Nc5 Bc8 15.Nde4 Nd7 16.h3 Nxc5 17.Nxc5 b6 18.Nd3 e6 19.Qg3
Qc7 20.Qh4 Bf6 21.Bg5 Bxg5 22.Qxg5 Qd8 23.Qh6 Ne7 24.Rad1 Nf5
25.Qf4 Bb7 26.Ne5 Rc8 27.Nxf7 Rxf7 28.Bxe6 Qc7 29.Bxf7+ Qxf7
30.b3 Rd8 31.c4 Nd6 32.Qh4 Re8 33.Kf1 Nf5 34.Rxe8+ Qxe8 35.Qf4
Qd8 36.Qe5 Qd6 37.g4 Qxe5 38.dxe5 Ng7 39.Rd8+ 1-0

[Event "SK Bebenhausen 1 - TG Biberach 1"]
[Site "Oberliga Württemberg 2017/2018"]
[Date "2017.09.17"]
[Round "1.7"]
[White "Sokratov, Stanislav"]
[Black "Roth, Jürgen Eugen"]
[Result "1/2-1/2"]
[WhiteElo "2168"]
[BlackElo "2099"]
[Annotator ""]
[Source ""]
[Remark ""]

1.d4 f5 2.Nc3 Nf6 3.Bg5 e6 4.e4 fxe4 5.Nxe4 Be7 6.Bxf6 Bxf6 7.Qh5+
g6 8.Qh6 Qe7 9.Nxf6+ Qxf6 10.Nf3 Nc6 11.c3 d6 12.Bd3 Bd7 13.O-O
O-O-O 14.b4 Rdf8 15.Qe3 Kb8 16.Rfe1 Ne7 17.Bc4 Nf5 18.Qe2 Re8
19.b5 g5 20.a4 g4 21.Nd2 Nh4 22.a5 Rhg8 23.Kh1 Ref8 24.Ne4 Qh6
25.Ng3 Rf6 26.Qe3 Qxe3 27.fxe3 Rgf8 28.Kg1 Ng6 29.Ne4 Rf5 30.b6
Bc6 31.bxc7+ Kxc7 32.Bd3 Nh4 33.c4 h6 34.c5 dxc5 35.Nxc5 R5f6
36.e4 Re8 37.Rf1 Rxf1+ 38.Rxf1 b6 39.Rf7+ Kd8 40.axb6 axb6 41.Nb7+
Bxb7 42.Rxb7 Ng6 43.Rxb6 Kc7 44.Ra6 Nf4 45.Bc4 h5 46.Kf2 Rd8
47.g3 Rxd4 48.gxf4 Rxc4 49.Rxe6 Rc2+ 50.Kg3 Rc3+ 51.Kg2 Rc2+
52.Kg1 Rc1+ 53.Kg2 Rc2+ 54.Kh1 Rc1+ 55.Kg2 1/2-1/2

[Event "SK Bebenhausen 1 - TG Biberach 1"]
[Site "Oberliga Württemberg 2017/2018"]
[Date "2017.09.17"]
[Round "1.8"]
[White "Kitzberger, Joachim"]
[Black "Namyslo, Holger"]
[Result "1/2-1/2"]
[WhiteElo "2046"]
[BlackElo "2201"]
[Annotator ""]
[Source ""]
[Remark ""]

1.c4 e6 2.Nc3 d5 3.e3 Nf6 4.d4 c6 5.Nf3 Nbd7 6.Bd3 dxc4 7.Bxc4
b5 8.Bd3 a6 9.O-O c5 10.b3 Bb7 11.Bb2 Bd6 12.Qe2 O-O 13.Rfd1
Qb6 14.Rac1 Rac8 15.dxc5 Bxc5 16.Nb1 Rfd8 17.a3 Bd5 18.b4 Be7
19.Nbd2 h6 20.h3 Qb8 21.Qf1 Rxc1 22.Rxc1 Qb7 23.Qd1 Nb6 24.Bd4
Nbd7 25.Bf1 Ne4 26.Qc2 Bd6 27.Nb3 {(=)} Qb8 28.Na5 Ne5 29.Bxe5
Bxe5 30.Nc6 Bxc6 31.Qxc6 Ng5 32.Nxe5 Qxe5 33.Qxa6 Rd5 {(=)} 34.Qc8+
Kh7 35.Rc5 Ne4 36.Bd3 f5 37.Rxd5 Qxd5 38.Bxe4 Qxe4 39.Qc5 Qb1+
40.Kh2 Qd3 41.Qe5 Qc4 42.f3 Kg8 43.Kg3 Kf7 44.Qd6 g5 45.Qd7+
Kf6 46.Kh2 Kg6 47.a4 bxa4 48.Qxa4 Qc7+ 49.g3 Qc4 50.Qe8+ Kg7
51.Qd7+ Kg6 52.Qd2 Qf1 53.f4 g4 54.hxg4 1/2-1/2

[Event "SK Schmiden/Cannstatt 1 - Stuttgarter SF 1"]
[Site "Oberliga Württemberg 2017/2018"]
[Date "2017.09.17"]
[Round "1.1"]
[White "Kvetny, Mark"]
[Black "Holzhäuer, Mathias"]
[Result "1/2-1/2"]
[WhiteElo "2385"]
[BlackElo "2222"]
[Annotator ""]
[Source ""]
[Remark ""]

1.c4 Nf6 2.Nc3 e5 3.Nf3 Nc6 4.e3 Bb4 5.Qc2 O-O 6.Nd5 Re8 7.Qf5
d6 8.Nxf6+ gxf6 9.Qh5 d5 10.Bd3 h6 11.cxd5 Qxd5 12.Bb1 Qc4 13.Bf5
Bxf5 14.Qxf5 Rad8 1/2-1/2

[Event "SK Schmiden/Cannstatt 1 - Stuttgarter SF 1"]
[Site "Oberliga Württemberg 2017/2018"]
[Date "2017.09.17"]
[Round "1.2"]
[White "Kabisch, Thilo"]
[Black "Benkovic, Petar"]
[Result "0-1"]
[WhiteElo "2264"]
[BlackElo "2339"]
[Annotator ""]
[Source ""]
[Remark ""]

1.e4 c5 2.Nf3 e6 3.d4 cxd4 4.Nxd4 Nf6 5.Nc3 d6 6.Bc4 Be7 7.a3
O-O 8.Ba2 Nc6 9.O-O a6 10.Kh1 Bd7 11.f4 Qc7 12.f5 Nxd4 13.Qxd4
Ng4 14.Bf4 Rad8 15.Rad1 Bc8 16.Qd3 Ne5 17.Qg3 Kh8 18.Rf2 b5 19.h3
Bd7 20.Rfd2 Rg8 21.Qf2 Bc8 22.g4 Nc4 23.Bxc4 bxc4 24.Be3 Qc6
25.Bd4 exf5 26.gxf5 Bg5 27.Re2 Rde8 28.Nd5 f6 29.Bc3 Bb7 30.h4
Bh6 31.Qd4 Rgf8 32.Kh2 Qd7 33.Rg1 Qf7 34.Reg2 Rxe4 35.Qxe4 Bxd5
36.Qd4 Bxg2 37.Rxg2 d5 38.Kh3 Re8 39.Qb6 Qh5 40.Qf2 Be3 41.Qf1
Re4 42.Be1 Rf4 43.Qe2 Qxf5+ 44.Kh2 Re4 45.Qd1 Qe5+ 46.Kh1 h5
47.b3 Qf5 48.Bg3 Qh3+ 49.Bh2 Qxh4 50.Qf1 Bf4 51.Rf2 Bg3 52.Re2
Rxe2 53.Qxe2 Qxh2+ 0-1

[Event "SK Schmiden/Cannstatt 1 - Stuttgarter SF 1"]
[Site "Oberliga Württemberg 2017/2018"]
[Date "2017.09.17"]
[Round "1.3"]
[White "Tuncer, Ufuk"]
[Black "Trachtmann, Mark"]
[Result "1-0"]
[WhiteElo "2285"]
[BlackElo "2282"]
[Annotator ""]
[Source ""]
[Remark ""]

1.Nf3 g6 2.g3 Bg7 3.Bg2 e5 4.d4 exd4 5.Nxd4 d5 6.Nb3 Nf6 7.c4
c6 8.Nc3 Be6 9.cxd5 Nxd5 10.Nxd5 Bxd5 11.e4 Qe7 12.O-O Bc4 13.Re1
O-O 14.Be3 Nd7 15.Rc1 Be6 16.Nc5 Nb6 17.b3 Rfd8 18.Qe2 Nc8 19.Red1
Nd6 20.a4 Bc8 21.b4 b6 22.Nb3 Bb7 23.Bf4 Ne8 24.Bd2 Nc7 25.f4
Ba6 26.Qe1 Qe6 27.Na1 Bb2 28.Rb1 Bd4+ 29.Be3 Bxe3+ 30.Qxe3 Bc4
31.Qc3 b5 32.a5 Qe7 33.Nc2 c5 34.Kh1 Rac8 35.bxc5 Qxc5 36.Ne3
Ne8 37.Ng4 Qf8 38.Qb2 Be6 39.Ne5 Rxd1+ 40.Rxd1 b4 41.f5 gxf5
42.exf5 Bxf5 43.Bd5 Be6 44.Bxe6 fxe6 45.Qe2 b3 46.Rf1 Qg7 47.Qa6
Qxe5 48.Qxc8 Qe4+ 49.Kg1 Qe3+ 50.Rf2 Qe1+ 51.Kg2 Qe4+ 52.Kh3
Qg6 53.Qb7 Qh5+ 54.Kg2 Qd5+ 55.Qxd5 exd5 56.Rb2 1-0

[Event "SK Schmiden/Cannstatt 1 - Stuttgarter SF 1"]
[Site "Oberliga Württemberg 2017/2018"]
[Date "2017.09.17"]
[Round "1.4"]
[White "Niklasch, Oliver"]
[Black "Strunski, Andreas"]
[Result "1/2-1/2"]
[WhiteElo "2238"]
[BlackElo "2229"]
[Annotator ""]
[Source ""]
[Remark ""]

1.c4 Nf6 2.Nc3 c6 3.e4 e5 4.Nf3 Bb4 5.Nxe5 Qe7 6.Nd3 Bxc3 7.dxc3
Nxe4 8.Be2 O-O 9.O-O d6 10.Re1 Re8 11.Bf1 Qf8 12.Bf4 Nd7 13.Qb3
Re6 14.Rad1 1/2-1/2

[Event "SK Schmiden/Cannstatt 1 - Stuttgarter SF 1"]
[Site "Oberliga Württemberg 2017/2018"]
[Date "2017.09.17"]
[Round "1.5"]
[White "Hofmann, Martin"]
[Black "Krockenberger, Martin"]
[Result "1/2-1/2"]
[WhiteElo "2171"]
[BlackElo "2219"]
[Annotator ""]
[Source ""]
[Remark ""]

1.g3 Nf6 2.c4 e6 3.Nf3 c5 4.Bg2 d5 5.O-O Nc6 6.cxd5 exd5 7.d4
Be7 8.Nc3 O-O 9.Bg5 c4 10.Ne5 Be6 11.Nxc4 dxc4 12.Bxf6 Bxf6 13.d5
Qb6 14.Qc1 Bg4 15.dxc6 bxc6 16.Rb1 Bxc3 17.bxc3 Qc5 18.Rb2 Rfe8
19.Re1 Rad8 20.h3 1/2-1/2

[Event "SK Schmiden/Cannstatt 1 - Stuttgarter SF 1"]
[Site "Oberliga Württemberg 2017/2018"]
[Date "2017.09.17"]
[Round "1.6"]
[White "Eisele, Steffen"]
[Black "Fritsch, Rolf"]
[Result "1-0"]
[WhiteElo "2252"]
[BlackElo "2152"]
[Annotator ""]
[Source ""]
[Remark ""]

1.e4 g6 2.d4 Bg7 3.Nc3 d6 4.Be3 a6 5.Qd2 Nd7 6.O-O-O b5 7.f3
Bb7 8.h4 h6 9.Nh3 e6 10.Nf2 Ne7 11.h5 g5 12.Kb1 b4 13.Ne2 a5
14.Nc1 f5 15.exf5 exf5 16.Bc4 Nb6 17.Be6 Bd5 18.Bxd5 Nexd5 19.Qd3
O-O 20.Ne2 {(=)} Qf6 21.Bc1 Qf7 22.f4 g4 23.Ng3 c5 24.dxc5 dxc5
25.Qb5 c4 26.Rhe1 a4 27.Be3 Nxe3 28.Rxe3 Rab8 29.Rd6 Qc7 30.Ree6
Nc8 31.Qd5 Kh7 32.Rd7 Qxf4 33.Rg6 Rg8 34.Nxf5 Nb6 35.Rgxg7+ Rxg7
36.Rxg7+ Kh8 37.Rh7+ 1-0

[Event "SK Schmiden/Cannstatt 1 - Stuttgarter SF 1"]
[Site "Oberliga Württemberg 2017/2018"]
[Date "2017.09.17"]
[Round "1.7"]
[White "Maj, Kornel"]
[Black "Thoma, Christian"]
[Result "1-0"]
[WhiteElo "2117"]
[BlackElo "2177"]
[Annotator ""]
[Source ""]
[Remark ""]

1.e4 c5 2.Nf3 e6 3.d4 cxd4 4.Nxd4 Nc6 5.Nc3 Qc7 6.Be3 a6 7.Bd3
Nf6 8.O-O d6 9.a4 Be7 10.Nb3 b6 11.f4 O-O 12.Qf3 Bb7 13.Kh1 Rfe8
14.Qh3 Nb4 15.f5 e5 16.Qg3 Kh8 17.Bg5 Rac8 18.Rae1 h6 19.Qh4
Nh7 20.Bxe7 Qxe7 21.Qf2 Qc7 22.Qd2 Nxd3 23.Qxd3 Nf6 24.Rf2 Red8
25.h3 Kg8 26.Rd2 Qc4 27.Qe3 Qb4 28.Rde2 Kf8 29.Kh2 Rc4 30.Nd2
Rc7 31.Nb3 Rdc8 32.Qf3 Rxc3 33.bxc3 Rxc3 34.Qf2 Kg8 35.Nd2 Rxc2
36.Rb1 Qxa4 37.Qxb6 Bxe4 38.Rxe4 {!} Qa2 39.Qd8+ Kh7 40.Rb8 1-0

[Event "SK Schmiden/Cannstatt 1 - Stuttgarter SF 1"]
[Site "Oberliga Württemberg 2017/2018"]
[Date "2017.09.17"]
[Round "1.8"]
[White "Witke, Thomas"]
[Black "Seyfried, Claus"]
[Result "1/2-1/2"]
[WhiteElo "2053"]
[BlackElo "2124"]
[Annotator ""]
[Source ""]
[Remark ""]

1.d4 d5 2.Bf4 c5 3.e4 dxe4 4.d5 Nf6 5.Nc3 g6 6.Nb5 Na6 7.Bc4
Bg7 8.d6 Be6 9.Bxe6 fxe6 10.c4 Nb4 11.Ne2 Nd3+ 12.Kf1 O-O 13.Nc7
Ng4 14.Nxe6 Qd7 15.Nxc5 Nxc5 16.Qd5+ Ne6 17.dxe7 Qxe7 18.Qxe4
Kh8 19.h3 Qc5 20.hxg4 1/2-1/2

[Event "SG Schwäbisch Gmünd 1 - Heilbronner SV 1"]
[Site "Oberliga Württemberg 2017/2018"]
[Date "2017.09.17"]
[Round "1.1"]
[White "Zuferi, Enis"]
[Black "Velicka, Petr"]
[Result "1/2-1/2"]
[WhiteElo "2283"]
[BlackElo "2403"]
[Annotator ""]
[Source ""]
[Remark ""]

1.d4 Nf6 2.c4 e6 3.Nc3 d5 4.cxd5 Nxd5 5.Nf3 c5 6.e4 Nxc3 7.bxc3
cxd4 8.cxd4 Bb4+ 9.Bd2 Bxd2+ 10.Qxd2 O-O 11.Bc4 Nd7 12.O-O Qe7
13.Rfe1 e5 14.d5 Qd6 15.Qc3 f6 16.Rac1 Nb6 17.Bb3 Rd8 18.Qc7
Kf8 19.Nd2 Rb8 20.Re3 Rd7 21.Qc3 Rd8 22.Qc7 Rd7 23.Qxd6+ Rxd6
24.a4 Bd7 25.a5 Na8 26.Bd1 Bb5 27.Rb3 a6 28.Bg4 b6 29.f3 Rdd8
30.Ra3 bxa5 31.Rxa5 g6 32.Nb3 f5 33.exf5 Rxd5 34.fxg6 hxg6 35.Nc5
Nc7 36.Kf2 Ke7 37.Ke3 Rb6 38.Ne4 Ne6 39.Ra3 Nd4 40.Rc7+ Kd8 41.Rc8+
Ke7 42.Rc7+ Kd8 43.Rc8+ Ke7 44.Rc7+ 1/2-1/2

[Event "SG Schwäbisch Gmünd 1 - Heilbronner SV 1"]
[Site "Oberliga Württemberg 2017/2018"]
[Date "2017.09.17"]
[Round "1.2"]
[White "Jurek, Josef"]
[Black "Schmidt, Tobias"]
[Result "1/2-1/2"]
[WhiteElo "2265"]
[BlackElo "2223"]
[Annotator ""]
[Source ""]
[Remark ""]

1.c4 e6 2.g3 Nf6 3.Bg2 d5 4.Nf3 dxc4 5.Qa4+ c6 6.Qxc4 b5 7.Qb3
Bb7 8.O-O Nbd7 9.d4 a6 10.a4 Be7 11.Rd1 O-O 12.Bg5 Qc7 13.Nc3
b4 14.Ne4 c5 15.Bxf6 gxf6 16.Nxc5 Nxc5 17.dxc5 Bxc5 18.Ne1 Rfc8
19.Bxb7 Qxb7 20.Qf3 Qxf3 21.Nxf3 Ra7 22.Kf1 Rac7 23.Rac1 Kf8
24.Ne1 f5 25.Nd3 Be7 26.Rxc7 Rxc7 27.Rc1 Rxc1+ 28.Nxc1 Ke8 29.Nd3
Bd6 30.b3 Kd7 31.e3 Kc6 32.Ke2 Kd5 33.Nb2 Bc7 {(=)} 34.Kd3 e5
35.f3 e4+ 36.Ke2 Bd8 37.Nd1 Bc7 38.Nf2 Bd6 39.Nh3 h6 40.Nf2 Be5
41.Nh3 Bd6 42.Kf2 Bc7 43.Ng1 Bd6 44.Ne2 Be5 45.h3 h5 46.Kg2 Ke6
47.Kf2 Kd5 1/2-1/2

[Event "SG Schwäbisch Gmünd 1 - Heilbronner SV 1"]
[Site "Oberliga Württemberg 2017/2018"]
[Date "2017.09.17"]
[Round "1.3"]
[White "Pogan, Nikolas"]
[Black "Havlikova, Kristyna"]
[Result "1-0"]
[WhiteElo "2241"]
[BlackElo "2278"]
[Annotator ""]
[Source ""]
[Remark ""]

1.c4 Nf6 2.Nc3 d5 3.cxd5 Nxd5 4.g3 Nc6 5.Bg2 Nb6 6.Nf3 e5 7.O-O
Be7 8.b3 O-O 9.Bb2 f6 10.Rc1 Bf5 11.d3 Qd7 12.Ne4 Bxe4 13.dxe4
Qxd1 14.Rfxd1 Rfd8 15.Ne1 Rxd1 16.Rxd1 a5 17.Nd3 a4 18.f4 Bd6
19.Rf1 Re8 20.e3 Nb4 21.Nxb4 Bxb4 22.Rd1 Bd6 23.Kf2 Ra8 24.Rd2
{(=)} Kf7 25.Bf1 Ke7 26.Kf3 Nd7 27.h4 c6 28.g4 Bb4 29.Rg2 axb3
30.axb3 exf4 31.exf4 h6 {(=)} 32.g5 hxg5 33.hxg5 Rf8 34.gxf6+
gxf6 35.Bc4 b5 36.Rg7+ Kd6 37.Bg8 c5 38.Kg4 Bd2 39.Kf5 b4 40.Be6
Nb6 41.Rb7 Kc6 42.Re7 Bc3 43.Bc1 Bd4 44.Bd2 Rh8 45.Rf7 Rh5+ 46.Kg4
Rh2 47.Be1 Re2 48.Bh4 Rxe4 49.Kf5 Re3 50.Bxf6 Bxf6 51.Rxf6 Nd5
52.Rh6 Rd3 53.Bf7+ Kd7 54.Ke5 Ne7 55.Be6+ Kc7 56.Rh7 Kd8 57.Rh8+
Kc7 58.Rh7 Kd8 59.f5 Nc6+ 60.Kf6 Nd4 61.Rd7+ Ke8 62.Rd6 1-0

[Event "SG Schwäbisch Gmünd 1 - Heilbronner SV 1"]
[Site "Oberliga Württemberg 2017/2018"]
[Date "2017.09.17"]
[Round "1.4"]
[White "Weiß, Andreas"]
[Black "Stürmer, Robin"]
[Result "0-1"]
[WhiteElo "2165"]
[BlackElo "2207"]
[Annotator "Robin Stürmer"]
[Source ""]
[Remark ""]

1.e4 {Kommentar von Robin Stürmer auf der Heilbronner Webseite}
Nc6 {Das hat letzte Saison gegen Kristyna Havlikova geklappt, also hoffte ich mal,
dass der gegnerische Mannschaftsführer sich das nicht so genau angeschaut hat.}
2.d4 d5 3.e5 f6 4.f4 Nh6
{Vor langer Zeit folgte ich hier der Buchempfehlung Lf5 mit der Idee, diesen
später auf e4 einzupflanzen, doch waren meine Erfolge eher bescheiden; also entwickelte ich meinen eigenen Weg.}
5.c3 {überdeckt prophylaktisch d4 und täuscht Damenausfälle nach a4 oder b3 an.}
Bg4 6.Nf3 ( 6.Qa4 a6 ) ( 6.Qb3 Na5 7.Qa4+ c6 {erachtete ich beides als akzeptabel.}
) e6 7.Bd3
{der normale Aufbau wäre jetzt Dd7, lange Rochade und nach entsprechender
Vorbereitung g5. Doch weil er mit c3 den Angriff am Damenflügel auf Kosten
seiner Entwicklung schon begonnen hatte, entwickelte ich eine andere Idee, die
ich nach 20 in die Berechnung investierten Minuten nicht verwerfen wollte.}
fxe5 8.fxe5 Bxf3 9.Qxf3 Qh4+ 10.g3 Qh3
{Die Nachteile meiner Idee sind klar: Weiß hat das Läuferpaar und ich eine
ewige Schwäche auf e6; auch der Sc6 spielt nicht so recht mit. Nicht so
offensichtlich sind meine Vorteile: ich komme schneller auf die f-Linie, sein
König steht dauerhaft unsicher, e6 ist schwer angreifbar und in der
geschlossenen Stellung ist die Wirkung der Läufer beschränkt.}
11.Be3 Be7 12.Qf1 Qg4 {Wenn schon Damentausch, dann aber bitte nicht mit Tempogewinn für ihn.}
13.Qe2 Qxe2+ ( 13...Kd7 14.Bxh6 Qxe2+ 15.Kxe2 gxh6 16.Nd2 Rag8
17.Raf1 Nd8
{war meine erste Idee, doch falls mein Druckspiel am Königsflügel keine
ausreichenden Fortschritte erzielt, habe ich dauerhafte Schwächen und
irgendwann ein verlorenes Endspiel. Dieses Risiko wollte ich nicht eingehen.}
) 14.Kxe2 Ng4 15.Bg1 O-O {zur Abwechslung mal die späte kurze Rochade.}
16.Nd2 Nd8
{Da meine Angriffsbemühungen am Königsflügel eingedämmt wurden, will ich mit c5
eine zweite Front am Damenflügel eröffnen. wahrscheinlich war aber zuerst}
( 16...Nh6 {genauer, weil er dann Sf5 nicht verhindern kann.} )
17.h3 Nh6 18.g4 Nhf7 {sieht traurig aus, ist aber glücklicherweise nicht so schlimm.}
19.Be3 {nach} ( 19.Nf3 {hätte ich mich entscheiden müssen zwischen Vereinfachungen mit Sg5 oder beharren auf dem c5 Plan mit b6 oder Tc8.}
) c5 20.Nf3 Nc6 21.Rhc1 Rac8 22.Bc2 Rc7
{sieht offensichtlich aus, doch investierte ich hier ordentlich Zeit um meine
verschiedenen Planoptionen und ihre Angemessenheit bezüglich verschiedener
weißer Figurenbewegungen einzuschätzen. Rückblickend betrachtet denke ich dass
mein Gegner hier ins Schwimmen geiet und trotz hohen Zeitverbrauchs keinen brauchbaren Plan fand.}
23.Bd1 g5 24.a3
{er droht nun, mit b4 meiner Damenflügelinitiative die Spitze zu brechen. Das
Standardverfahren dagegen besteht in der Abriegelung mit sofortigem c4, wonach
die Schwäche a3 mit dem Aufmarsch des B-Bauern aufs Korn genommen wird, und oft
Figurenopfer zwecks Freibauernbildung in der Luft liegen. Doch ist dieser Plan
recht langsam und daher angesichts der potentiell volatilen Situation am
Königsflügel nicht nach meinem Geschmack. Deshalb entschied ich mich, die Drohung b4 auf die seltene Art zu unterdrücken.}
( 24.Nd2 Nh8 25.Nf1 Ng6 26.Ng3 Nf4+ {und da sein Läufer e4 nicht mehr deckt, bin ich tatsächlich schneller.}
) a5 25.a4
{Dieser Zug hat mindestens ein kleines Fragezeichen verdient, den nun hat er
immer, egal wie ich mich mit meinem c-Bauern entscheide schwache Bauern und schwache Felder am Damenflügel.}
Kg7 {bereitet den Hebel h5 vor.} 26.Bb3
{Macht den Türmen Platz und bereitet c4 vor, wonach die Schwäche e6 angreifbar
wird. Im schlimmsten Fall wäre mir immer noch c4 nebst langsamem Druckspiel
gegen a4 und b2 geblieben, doch ich fand etwas besseres.} Rfc8
27.Rh1 {oder zumindest dachte ich das während der Partie. Die Blöden Engines sehen nach}
( 27.c4 {kompletten Ausgleich.} ) cxd4 28.cxd4 Nb4 29.Raf1 h6
{antizipiert h4 und befreit den Sf7 von der lästigen Deckungsaufgabe.}
30.Nd2 Nc2 {Hier wollte er den Turm zuerst nach c1 stellen, bemerkte dann aber das taktische Manko und entschied sich für}
31.Rf3 {Er beabsichtigt offensichtlich in der f-Linie zu verdoppeln. Zunächst erwog
ich diverse Defensivmanöver, doch dann kam mir die Idee, in Judo-Manier den Angriff des Gegners für mich arbeiten zu lassen.}
( 31.Rc1 Nxd4+ ) Nh8 32.Rhf1 Ng6 33.Nb1 ( 33.Rf7+ Kg8 {und der auf f7 gestrandete Turm stellt keine echten Drohung auf, kann aber mit Sf4 vom Hinterland abgeschnitten werden.}
) Nf4+ {nutzt aus, dass der Le3 den d4 decken muss.} 34.Kd2
{Er hatte hier noch weniger als eine Minute, ich noch ungefähr 3. Ich verbriet
fast den gesamten Rest auf der Suche nach einem sofortigem Gewinn (unter
anderem Züge wie Sa1 oder Sg2) fand aber nichts besseres als das offensichtliche.}
Bb4+ 35.Nc3 Nxe3 ( 35...Bxc3+ 36.bxc3 Rxc3 37.Bxf4 Rxf3 38.Rxf3
Nxd4 39.Rd3 Nxb3+ 40.Rxb3 gxf4
{ist die Variante der Engine. Doch in hochgradiger Zeitnot ist mir einfacher
dauerhafter und deutlicher Vorteil lieber als eine taktische Abwicklung in ein
Turmendspiel (die bekanntlich eine hohe Remistendenz haben.)} )
36.Rxe3 Rc6
{deckt e6, stellt den Turm auf ein gedecktes Feld, bereitet den Schwenk nach b6
vor und geht noch keine Verpflichtung ein. Bei klar überlegener Stellung ein ausgezeichneter Zeitnotzug.}
37.Bd1 {? In schlechten Stellungen ohne konkrete Drohungen sind schlechte Züge leicht
zu finden. In Zeitnot verschärft sich dieses Problem gewaltig.}
Rc4 38.Bb3 Rxd4+ 39.Kc2 Ng2 40.Rg3 Rf4 {Uff; Zeitnot geschafft und Gewinnstellung. Die taktischen Gemeinheiten finden sich jetzt ganz entspannt.}
41.Rxf4 Ne1+ {Nutzt aus, dass der Turm zwar im Angriff ein Riese, in der Verteidigung aber weiniger begnadet ist.}
42.Kb1 gxf4 43.Rg1 Nd3 44.Ne2 f3 {Run, Forrest, Run!} 45.Ng3
Be1 46.Bc2 f2 47.Rf1 Nxe5 48.Nh5+ Kf7 49.Nf4 Nc4 0-1